Pretty Little Liars Trivia Quiz Stats

Quiz not verified by Sporcle

Challenge
Share
Tweet
Embed
Score 0/10 Timer 08:00
0 Plays Today
hint Answer % Correct
Smart one of the bunchSpencer Hastings
98.9%
Dates her teacherAria Montgomery
98.9%
English teacherEzra Fitz
98.9%
Blonde 'Liar' Hanna Marin
97.8%
Went missing for yearsAlison DiLaurentis
97.8%
Jenna's step-brotherToby Cavanaugh
97.8%
Dates Mona VanderwaalMike Montgomery
97.8%
Swims competetivelyEmily Fields
97.8%
Computer hackerCaleb Rivers
95.7%
'Hottest jock in school'Noel Kahn
89.2%

You're not logged in!

Compare scores with friends on all Sporcle quizzes.
Join for Free
OR
Log In

You Might Also Like...

Show Comments

Extras

Created Apr 17, 2015ReportNominate
Tags:liar, little, pretty

Top Quizzes Today


Score Distribution

Your Account Isn't Verified!

In order to create a playlist on Sporcle, you need to verify the email address you used during registration. Go to your Sporcle Settings to finish the process.

Report this User

Report this user for behavior that violates our Community Guidelines.

Details: